[Event "British Chess Championships 2023: British Championship"]
[Site "The Venue, De Montfort University, 20 Western Boulevard, Leicester, LE2 7BU"]
[Date "2023.07.29"]
[Round "8"]
[Board "16"]
[White "Balaji, Aaravamudhan"]
[Black "Mihalik, Agoston"]
[Result "1-0"]
[WhiteElo "2334"]
[BlackElo "2136"]
[PlyCount "0"]
[EventDate "2023.07.22"]
[EventRounds "9"]
[EventCountry "ENG"]

1. Nf3 d5 2. b3 Nf6 3. Bb2 e6 4. e3 c5 5. d4 Nc6 6. Bd3 b6 7. Nbd2 Bb7 8. Qe2 Be7
9. O-O O-O 10. a3 Qc7 11. Rac1 Rac8 12. c4 cxd4 13. cxd5 Nxd5 14. Nxd4 Qb8 15. Nxe6
fxe6 16. Qh5 Rf5 17. Bxf5 exf5 18. Qxf5 Nd8 19. Nf3 Nf6 20. Ng5 h6 21. Bxf6 Bxf6
22. Qh7+ Kf8 23. Ne4 Be7 24. Ng3 Nf7 25. Nh5 Qe5 26. Nf4 Ke8 27. Ng6 Qe6 28. Rxc8+
Bxc8 29. Qg8+ Kd7 30. Rd1+ Nd6 31. Qxg7 Qf6 32. Qxf6 Bxf6 33. e4 Ke6 34. e5 Bxe5
35. Re1 Nf7 36. Nxe5 Nxe5 37. f4  1-0

[Event "British Chess Championships 2023: British Championship"]
[Site "The Venue, De Montfort University, 20 Western Boulevard, Leicester, LE2 7BU"]
[Date "2023.07.29"]
[Round "8"]
[Board "17"]
[White "Khandelwal, Ankush"]
[Black "Saunders, Aron"]
[Result "1/2-1/2"]
[WhiteElo "2276"]
[BlackElo "2113"]
[PlyCount "0"]
[EventDate "2023.07.22"]
[EventRounds "9"]
[EventCountry "ENG"]

1. e4 c6 2. Nc3 d5 3. Qe2 dxe4 4. Nxe4 Bf5 5. d3 e6 6. g4 Bg6 7. h4 h6 8. Bf4 Nf6
9. Nxf6+ Qxf6 10. Be5 Qd8 11. Bc3 Qc7 12. Nf3 Nd7 13. h5 Bh7 14. g5 hxg5 15. Nxg5
Bg8 16. O-O-O O-O-O 17. Kb1 Qf4 18. Nf3 f6 19. Rh4 Qc7 20. Bh3 Re8 21. Nd4 e5 22.
Nf5 Bf7 23. Rg1 Rh7 24. Qe4 Bg8 25. f4 Kb8 26. fxe5 fxe5 27. Re1 Ka8 28. Ne3 Nf6
29. Qf5 Qf7 30. Nc4 Rxh5 31. Nb6+ axb6 32. Ra4+ Kb8 33. Bxe5+ Qc7 34. Bxc7+ Kxc7
35. Rxe8 Rxf5 36. Bxf5 Nxe8 37. Ra8 Bf7 38. Rc8+ Kd6 39. Rb8 Kc7 40. Rc8+ Kd6 41.
Rb8 Kc7  1/2-1/2

[Event "British Chess Championships 2023: British Championship"]
[Site "The Venue, De Montfort University, 20 Western Boulevard, Leicester, LE2 7BU"]
[Date "2023.07.29"]
[Round "8"]
[Board "18"]
[White "Chan, Sheng Liang Bernard"]
[Black "Ismail, Mohammed Aayan"]
[Result "1-0"]
[WhiteElo "2078"]
[BlackElo "2169"]
[PlyCount "0"]
[EventDate "2023.07.22"]
[EventRounds "9"]
[EventCountry "ENG"]

1. d4 Nf6 2. Bf4 c5 3. e3 g6 4. c3 Bg7 5. Nf3 O-O 6. Nbd2 b6 7. h3 Bb7 8. Be2 d6
9. O-O Nbd7 10. a4 a6 11. Nc4 Bc6 12. b4 Nd5 13. Qd2 N7f6 14. Rfc1 Ne4 15. Qd3 f5
16. bxc5 bxc5 17. Ncd2 e6 18. Bh2 Qd7 19. Bd1 a5 20. Nc4 Bb7 21. Na3 Ba6 22. Nb5
Bxb5 23. axb5 Nb6 24. Nd2 Nxd2 25. Qxd2 c4 26. Qb2 e5 27. dxe5 dxe5 28. Bf3 e4 29.
Be2 Rfc8 30. Rd1 Qb7 31. Ra3 Rc5 32. Bd6 Rcc8 33. Qa2 a4 34. Qb2 Kh8 35. Rda1 Bf6
36. Rd1 Qg7 37. Qb4 Rd8 38. Bc5 Rxd1+ 39. Bxd1 Nd5 40. Qxc4 Qc7 41. Rxa4 Rxa4 42.
Bxa4  1-0

[Event "British Chess Championships 2023: British Championship"]
[Site "The Venue, De Montfort University, 20 Western Boulevard, Leicester, LE2 7BU"]
[Date "2023.07.29"]
[Round "8"]
[Board "19"]
[White "Weersing, Abigail R"]
[Black "Boswell, Jacob Connor"]
[Result "0-1"]
[WhiteElo "1919"]
[BlackElo "2163"]
[PlyCount "0"]
[EventDate "2023.07.22"]
[EventRounds "9"]
[EventCountry "ENG"]

1. d4 d5 2. c4 c6 3. Nf3 Nf6 4. Nc3 dxc4 5. a4 Bf5 6. e3 e6 7. Bxc4 Bb4 8. Bd2 a5
9. O-O O-O 10. Re1 Bg6 11. Ne5 Nbd7 12. Nxg6 hxg6 13. Qc2 Qc7 14. h3 g5 15. Ne4 Bxd2
16. Nxd2 g4 17. hxg4 Nxg4 18. g3 c5 19. Bd3 Rac8 20. Qd1 Ngf6 21. Nf3 cxd4 22. exd4
Nb6 23. Kg2 Nbd5 24. Rh1 Rfd8 25. Qd2 Qb6 26. Qg5 Qxb2 27. Rab1 Qc3 28. Qh4 Kf8 29.
Rxb7 Rc7 30. Rxc7 Nxc7 31. Bb1 Ke7 32. Qg5 Ncd5 33. Qxg7 Nf4+ 34. gxf4 Rg8 35. Qxg8
Nxg8 36. Rh5 Qc1 37. Rb5 Qxf4 38. Ne5 Qg5+ 39. Kf3 Qh5+ 40. Kg2 Qg5+ 41. Kf3 Qf6+
42. Kg3 Nh6 43. Rb7+ Kd8 44. Be4 Qg5+ 45. Kf3 Ke8 46. Rb5 Qd2 47. Rb8+ Ke7 48. Rh8
Qd1+ 49. Kg3 Qg1+ 50. Kf3 Qh1+ 51. Kf4 Qh4+ 52. Ke3 Ng4+ 53. Nxg4 Qxh8 54. Ne5 Qh6+
55. Kd3 Qc1 56. Nc6+ Kf8  0-1

[Event "British Chess Championships 2023: British Championship"]
[Site "The Venue, De Montfort University, 20 Western Boulevard, Leicester, LE2 7BU"]
[Date "2023.07.29"]
[Round "8"]
[Board "20"]
[White "Smith, Olivia"]
[Black "Kanyamarala, Trisha"]
[Result "1/2-1/2"]
[WhiteElo "2042"]
[BlackElo "2344"]
[PlyCount "0"]
[EventDate "2023.07.22"]
[EventRounds "9"]
[EventCountry "ENG"]

1. e4 c5 2. Nf3 d6 3. Bb5+ Bd7 4. Bxd7+ Qxd7 5. c4 e5 6. Nc3 Nc6 7. d3 Be7 8. O-O
Bd8 9. Ne1 Nge7 10. Nc2 O-O 11. Nd5 Ng6 12. Nce3 Nd4 13. b3 Nh4 14. f4 exf4 15. Rxf4
f5 16. exf5 Bg5 17. Rf2 Bxe3 18. Bxe3 Nhxf5  1/2-1/2

[Event "British Chess Championships 2023: British Championship"]
[Site "The Venue, De Montfort University, 20 Western Boulevard, Leicester, LE2 7BU"]
[Date "2023.07.29"]
[Round "8"]
[Board "21"]
[White "Merriman, John"]
[Black "Volovich, Julia"]
[Result "1-0"]
[WhiteElo "2274"]
[BlackElo "1811"]
[PlyCount "0"]
[EventDate "2023.07.22"]
[EventRounds "9"]
[EventCountry "ENG"]

1. b3 Nf6 2. Bb2 g6 3. e3 c5 4. Nf3 Bg7 5. Be2 O-O 6. O-O b6 7. d4 cxd4 8. Nxd4 Bb7
9. Nd2 Nc6 10. a4 d5 11. N2f3 Rc8 12. Nxc6 Rxc6 13. Bd3 Ne4 14. Nd4 Rc8 15. a5 bxa5
16. Qe1 Nc5 17. Be2 e5 18. Nf3 d4 19. Rxa5 Bxf3 20. gxf3 dxe3 21. fxe3 Qg5+ 22. Kh1
Qxe3 23. Bc4 Qxe1 24. Rxe1 Rc7 25. Bxe5 Re8 26. Bxc7 Rxe1+ 27. Kg2 Bd4 28. Rxa7 Ne6
29. Ra8+ Kg7 30. Bxe6 fxe6 31. c4 Re2+ 32. Kg3 Bg1 33. Kh3 Rc2 34. Be5+ Kh6 35. Ra1
Bc5 36. Re1 Kg5 37. Bg3 Kf6 38. Re4 Ke7 39. Re5 Bd4 40. Rb5 Rc3 41. Kg4 h6 42. Kf4
Bg1 43. Kg4 Bd4 44. Bc7 Kd7 45. Bb6 Bf6 46. Kf4 Rc2 47. Kg3 Kd6 48. Be3 Be5+ 49.
f4 Bf6 50. Rb6+ Kd7 51. Rb7+ Kd6 52. c5+ Kd5 53. Kf3 Rc3 54. Rd7+ Kc6 55. Rd6+ Kc7
56. b4 Rb3 57. b5 Be7 58. b6+ Kb8 59. Rc6 Bf6 60. Rxe6 Bd4 61. Kf2 Rb2+ 62. Kg1 Re2
63. Re8+ Kb7 64. Re7+ Kb8 65. Re8+ Kb7 66. Re7+ Kb8 67. Bxd4 Rxe7 68. c6 Re8 69.
Be5+ Ka8 70. Kf2 h5 71. Kg3 h4+ 72. Kg4 g5 73. b7+  1-0

[Event "British Chess Championships 2023: British Championship"]
[Site "The Venue, De Montfort University, 20 Western Boulevard, Leicester, LE2 7BU"]
[Date "2023.07.29"]
[Round "8"]
[Board "22"]
[White "Badacsonyi, Frankie"]
[Black "Stoica, Savas Marin"]
[Result "1/2-1/2"]
[WhiteElo "1966"]
[BlackElo "2156"]
[PlyCount "0"]
[EventDate "2023.07.22"]
[EventRounds "9"]
[EventCountry "ENG"]

1. d4 d5 2. c4 c6 3. Nf3 e6 4. e3 Nf6 5. Nc3 Nbd7 6. Bd3 dxc4 7. Bxc4 b5 8. Be2 Bb7
9. O-O a6 10. b3 c5 11. Bb2 Rc8 12. Rc1 Qb6 13. Nb1 Be7 14. dxc5 Bxc5 15. Bd4 b4
16. Nbd2 O-O 17. Nc4 Qd8 18. Bb2 Nd5 19. Bd3 Be7 20. Bb1 Bf6 21. Nd4 Nc5 22. Qg4
g6 23. Qg3 Bh4 24. Qd6 Be7 25. Qg3 Nf6 26. Rfd1 Qc7 27. Qxc7 Rxc7 28. f3 Rd8 29.
Kf2 Nd5 30. g3 Ba8 31. Ne2 Nd7 32. e4 N5f6 33. Rd2 Rdc8 34. Rcd1 Bc6 35. Nd4 Bc5
36. Kg2 Ba8 37. Ne2 Kf8 38. Nf4 Bc6 39. Nd3 Be7 40. Nde5 Bb5 41. Nxd7+ Nxd7 42. Ne5
Ke8 43. Nxd7 Bxd7 44. Bd3 Bb5 45. Be5 Rc1 46. Rxc1 Rxc1 47. Bxb5+ axb5 48. Bf4 Rc6
49. Be3 f5 50. g4 fxe4 51. fxe4 Bf6 52. Kf3 Bc3 53. Rc2 Ke7 54. h3 Kf6 55. Bd4+ Kg5
56. Be3+ Kf6 57. Bd4+ e5 58. Be3 h5 59. gxh5 gxh5 60. Rg2 Ra6 61. Bg5+ Kf7 62. Be3
Ra8 63. Rc2 Kf6 64. Rg2 Ra6 65. Bg5+ Kf7 66. Be3 Ra8 67. Rc2 Rd8 68. Ke2  1/2-1/2

[Event "British Chess Championships 2023: British Championship"]
[Site "The Venue, De Montfort University, 20 Western Boulevard, Leicester, LE2 7BU"]
[Date "2023.07.29"]
[Round "8"]
[Board "23"]
[White "Merriman, James"]
[Black "Pollack, Oscar"]
[Result "0-1"]
[WhiteElo "2067"]
[BlackElo "2096"]
[PlyCount "0"]
[EventDate "2023.07.22"]
[EventRounds "9"]
[EventCountry "ENG"]

1. d4 Nf6 2. c4 c5 3. d5 b5 4. a4 Qa5+ 5. Bd2 b4 6. Qc2 g6 7. e4 d6 8. Bd3 Bg7 9.
f4 O-O 10. Nf3 e6 11. O-O exd5 12. cxd5 c4 13. Qxc4 Ba6 14. Qb3 Qb6+ 15. Rf2 Ng4
16. Be1 Qe3 17. Bc2 Qxb3 18. Bxb3 Nxf2 19. Kxf2 Nd7 20. Nbd2 Nc5 21. Bc4 Bxc4 22.
Nxc4 Nxe4+ 23. Ke3 Rac8 24. Rc1 Rfe8 25. Nfe5 dxe5 26. Kxe4 exf4+ 27. Kd3 Red8 28.
d6 Rxd6+ 29. Nxd6 Rxc1 30. Bxb4 Bxb2 31. Nc4 Bf6 32. Bc5 Rc3+  0-1

[Event "British Chess Championships 2023: British Championship"]
[Site "The Venue, De Montfort University, 20 Western Boulevard, Leicester, LE2 7BU"]
[Date "2023.07.29"]
[Round "8"]
[Board "24"]
[White "Pert, Nina P"]
[Black "Shearsby, Jude"]
[Result "0-1"]
[WhiteElo "2021"]
[BlackElo "2076"]
[PlyCount "0"]
[EventDate "2023.07.22"]
[EventRounds "9"]
[EventCountry "ENG"]

1. e4 e5 2. Nf3 Nc6 3. Bc4 Bc5 4. c3 Nf6 5. d4 exd4 6. cxd4 Bb4+ 7. Nbd2 Nxe4 8.
d5 Nxd2 9. Bxd2 Bxd2+ 10. Qxd2 Ne7 11. O-O-O O-O 12. h4 d6 13. h5 h6 14. Rdg1 f5
15. Rd1 a6 16. Rhe1 b5 17. Bb3 a5 18. Nd4 a4 19. Bc2 Bb7 20. Ne6 Qd7 21. Nxf8 Rxf8
22. g4 fxg4 23. Re6 Nxd5 24. Rde1 Qf7 25. Qd3 Nf6 26. Rxf6 gxf6 27. Qxb5 c6 28. Qxa4
Qxh5 29. Re7 Bc8 30. Qxc6 Qc5 31. Qe4 f5 32. Qf4 d5 33. Rc7 Qb6 34. Qe5 Qg6 35. Bb3
Be6 36. Rc6 Qg5+ 37. Kd1 Bf7 38. Rf6 Rc8 39. Rxf5 Qc1+ 40. Ke2 Re8 41. Qxe8+ Bxe8
42. Rxd5 Kg7 43. Rd2 Bb5+ 44. Ke3 Qe1+  0-1

[Event "British Chess Championships 2023: British Championship"]
[Site "The Venue, De Montfort University, 20 Western Boulevard, Leicester, LE2 7BU"]
[Date "2023.07.29"]
[Round "8"]
[Board "25"]
[White "Shaw, Peter"]
[Black "Kolbus, Dietmar"]
[Result "0-1"]
[WhiteElo "2066"]
[BlackElo "2270"]
[PlyCount "0"]
[EventDate "2023.07.22"]
[EventRounds "9"]
[EventCountry "ENG"]

1. d4 d5 2. Bf4 c6 3. e3 Qb6 4. Qc1 Bf5 5. Nf3 e6 6. Nh4 Be4 7. f3 Be7 8. fxe4 Bxh4+
9. g3 Be7 10. Nd2 Nf6 11. Bxb8 Rxb8 12. e5 Ng4 13. Nf3 h5 14. h3 Nh6 15. Bd3 Kd7
16. c3 g5 17. Nd2 Rbf8 18. Qc2 f5 19. O-O-O h4 20. gxh4 g4 21. hxg4 Nxg4 22. Rdg1
Nxe3 23. Qb3 Ng4 24. Be2 Qxb3 25. axb3 Rfg8 26. Nf3 Bf8 27. b4 Bh6+ 28. Kb1 Be3 29.
Rg2 a6 30. Ka2 Rh7 31. Kb1 Rhg7 32. Ka2 Ke7 33. Kb1 Nh6 34. Rxg7+ Rxg7 35. Ng5 Bxg5
36. hxg5 Nf7 37. g6 Rxg6 38. Rh7 Rh6 39. Rxh6 Nxh6 40. Bh5 Ng4 41. Kc2 Ne3+ 42. Kd3
Ng2 43. Bd1 Kf8 44. Kd2 Nf4 45. Ke3 Ng6 46. Kf3 Kg7 47. Kg3 Kh6 48. Be2 Kg5 49. Bd1
Nf8 50. Bc2 Nd7 51. Bd3 Nb6 52. b3 Nc8 53. c4 b5 54. c5 Ne7 55. Be2 Ng8 56. Kf2 Nh6
57. Ke3 Ng4+ 58. Kf3 f4 59. Bd3 Ne3 60. Bh7 Nf5  0-1

[Event "British Chess Championships 2023: British Championship"]
[Site "The Venue, De Montfort University, 20 Western Boulevard, Leicester, LE2 7BU"]
[Date "2023.07.29"]
[Round "8"]
[Board "26"]
[White "Payne, Matthew J"]
[Black "Khoury, Theo"]
[Result "0-1"]
[WhiteElo "2104"]
[BlackElo "2066"]
[PlyCount "0"]
[EventDate "2023.07.22"]
[EventRounds "9"]
[EventCountry "ENG"]

1. e4 c5 2. Nc3 a6 3. g3 b5 4. Bg2 Bb7 5. Nge2 e6 6. d4 cxd4 7. Nxd4 Nf6 8. O-O b4
9. Na4 Bxe4 10. Bxe4 Nxe4 11. Re1 Nc5 12. Qf3 Ra7 13. Nxc5 Bxc5 14. Nb3 Bb6 15. Bf4
d5 16. Be5 O-O 17. Qg4 g6 18. Nd4 Bc7 19. Bf4 Bxf4 20. Qxf4 Rc7 21. h4 Nd7 22. Qd2
Qf6 23. Re3 Ne5 24. b3 Nc6 25. Rd3 Nxd4 26. Rxd4 Rxc2 27. Qxc2 Qxd4 28. Rc1 Rd8 29.
Qc7 Qf6 30. Qb6 d4 31. Qxb4 d3 32. Rd1 Qf3 33. Rd2 Rc8 34. Kh2 Rc1 35. Qb8+ Kg7 36.
Qe5+ f6  0-1

[Event "British Chess Championships 2023: British Championship"]
[Site "The Venue, De Montfort University, 20 Western Boulevard, Leicester, LE2 7BU"]
[Date "2023.07.29"]
[Round "8"]
[Board "27"]
[White "Szekely, Virgil"]
[Black "Burrows, Martin P"]
[Result "1-0"]
[WhiteElo "1957"]
[BlackElo "2101"]
[PlyCount "0"]
[EventDate "2023.07.22"]
[EventRounds "9"]
[EventCountry "ENG"]

1. e4 e5 2. Nf3 Nc6 3. Bb5 a6 4. Ba4 Nf6 5. d3 b5 6. Bb3 Be7 7. Nc3 d6 8. a4 b4 9.
Nd5 Be6 10. c3 bxc3 11. bxc3 Na5 12. Ng5 Bxd5 13. exd5 Nxb3 14. Qxb3 O-O 15. Nf3
Rb8 16. Qc4 Qc8 17. O-O Qb7 18. d4 e4 19. Nd2 Qxd5 20. Qxa6 c5 21. Qc4 Qxc4 22. Nxc4
cxd4 23. cxd4 Rfc8 24. Ne3 d5 25. Ba3 Bd8 26. Bd6 Ra8 27. Rfb1 Ra5 28. Rb5 Rca8 29.
Rxa5 Bxa5 30. Be5 Bd2 31. Bxf6 Bxe3 32. fxe3 gxf6 33. g4 Kf8 34. Kf2 Ke7 35. Kg3
Kd7 36. Kf4 Kc7 37. a5 Ra6 38. Kf5 Rc6 39. a6 Kb8 40. Ra5 Rc2 41. Rxd5 Rxh2 42. Kxe4
Rg2 43. Kf3 Ra2 44. Rd6 Ra1 45. Kf2 Ra2+ 46. Kg3 Re2 47. Kf3 Re1  1-0

[Event "British Chess Championships 2023: British Championship"]
[Site "The Venue, De Montfort University, 20 Western Boulevard, Leicester, LE2 7BU"]
[Date "2023.07.29"]
[Round "8"]
[Board "28"]
[White "Dignam, Matthew P"]
[Black "Koiza, Peter"]
[Result "1-0"]
[WhiteElo "2055"]
[BlackElo "1963"]
[PlyCount "0"]
[EventDate "2023.07.22"]
[EventRounds "9"]
[EventCountry "ENG"]

1. e4 c6 2. d4 d5 3. e5 Bf5 4. Nd2 e6 5. Nb3 Nd7 6. Be3 Ne7 7. a4 Qc7 8. a5 a6 9.
Nf3 f6 10. exf6 gxf6 11. Nh4 Bg6 12. Nxg6 hxg6 13. g3 Nf5 14. Qg4 O-O-O 15. Qxg6
Bb4+ 16. c3 Rdg8 17. Qf7 Qd6 18. Bf4 e5 19. dxe5 Nxe5 20. Bh3 Nxf7 21. Bxf5+ Kd8
22. Bxd6 Bxd6 23. O-O-O Ne5 24. Nd4 Rh5 25. Be6 Rgh8 26. h4 Nc4 27. Nf5 Bc7 28. b4
Nd6 29. Nxd6 Bxd6 30. Rd3 Re5 31. Bg4 Re4 32. Bf3 Rc4 33. Kb2 Kc7 34. Kb3 b6 35.
axb6+ Kxb6 36. Ra1 Be5 37. Re3 Rb8 38. Be2 d4 39. Bxc4 dxe3 40. Rxa6+ Kb7 41. f4
Bc7 42. Ra2 Rd8 43. h5 Bd6 44. Re2 Rd7 45. Rxe3 Rh7 46. Be2 Kc7 47. Kc4 Rg7 48. Bd3
Re7 49. Rxe7+ Bxe7 50. h6 Bf8 51. h7 Bg7 52. Bf5 Kd6 53. Kd4 Bh8 54. c4 Bg7 55. b5
c5+ 56. Ke4 Bh8 57. Kf3  1-0

[Event "British Chess Championships 2023: British Championship"]
[Site "The Venue, De Montfort University, 20 Western Boulevard, Leicester, LE2 7BU"]
[Date "2023.07.29"]
[Round "8"]
[Board "29"]
[White "Kueh, Audrey"]
[Black "Alldritt, Nigel Re"]
[Result "0-1"]
[WhiteElo "2096"]
[BlackElo "1962"]
[PlyCount "0"]
[EventDate "2023.07.22"]
[EventRounds "9"]
[EventCountry "ENG"]

1. e4 e6 2. d4 d5 3. Nd2 Nf6 4. e5 Nfd7 5. Bd3 c5 6. c3 Nc6 7. Ne2 cxd4 8. cxd4 f6
9. exf6 Nxf6 10. Nf3 Bd6 11. O-O Qc7 12. Bg5 O-O 13. Rc1 Ng4 14. h3 Nh2 15. Nxh2
Bxh2+ 16. Kh1 Bd6 17. Ng1 h6 18. Qh5 Bf4 19. Bxf4 Qxf4 20. Ne2 Qf6 21. f4 Bd7 22.
Rfd1 Rac8 23. Bb1 Ne7 24. Bd3 Rxc1 25. Rxc1 Rc8 26. Rxc8+ Nxc8 27. Qf3 Nd6 28. Qe3
Bb5 29. Bxb5 Nxb5 30. Kg1 Nd6 31. Qa3 Ne4 32. Qxa7 Qh4 33. Qb8+ Kh7 34. Kh2 Qf2 35.
Nc3 Qg3+ 36. Kg1 Nd2 37. Kh1 Nf1 38. Kg1 Ne3  0-1

[Event "British Chess Championships 2023: British Championship"]
[Site "The Venue, De Montfort University, 20 Western Boulevard, Leicester, LE2 7BU"]
[Date "2023.07.29"]
[Round "8"]
[Board "30"]
[White "Ogunshola, Olugbemiga (Ben)"]
[Black "Gardiner, Eric D"]
[Result "0-1"]
[WhiteElo "2116"]
[BlackElo "1843"]
[PlyCount "0"]
[EventDate "2023.07.22"]
[EventRounds "9"]
[EventCountry "ENG"]

1. c4 e6 2. Nf3 d5 3. b3 d4 4. Bb2 Nc6 5. e3 e5 6. exd4 exd4 7. g3 Bc5 8. Bg2 Qe7+
9. Qe2 Nb4 10. Qxe7+ Nxe7 11. O-O Nc2 12. a3 Nxa1 13. Bxa1 a5 14. Nxd4 O-O 15. Nf3
c6 16. d4 Bd6 17. Bb2 Bf5 18. Nc3 Rad8 19. Nd2 Rfe8 20. Rc1 Be5 21. Nd5 Bxd4 22.
Bxd4 cxd5 23. Bb6 Rd7 24. Bxa5 Nc6 25. Bb6 dxc4 26. Nxc4 Rde7 27. Ne3 Be4 28. f3
Bg6 29. Rc3 Rd7 30. Bf1 h6 31. Bb5 Re6 32. f4 Be4 33. Kf2 Rd2+ 34. Be2 Nd4 35. Bxd4
Rxd4 36. Nc4 Bd5 37. Ne5 Rd2 38. Rc5 Bc6 39. Kf1 Rxe2 40. Rxc6 bxc6  0-1

[Event "British Chess Championships 2023: British Championship"]
[Site "The Venue, De Montfort University, 20 Western Boulevard, Leicester, LE2 7BU"]
[Date "2023.07.29"]
[Round "8"]
[Board "31"]
[White "Starley, Robert"]
[Black "Cox, Toby"]
[Result "1-0"]
[WhiteElo "2064"]
[BlackElo "1967"]
[PlyCount "0"]
[EventDate "2023.07.22"]
[EventRounds "9"]
[EventCountry "ENG"]

1. e4 e6 2. d4 d5 3. Nc3 Nf6 4. Bg5 dxe4 5. Nxe4 Be7 6. Nxf6+ Bxf6 7. Bxf6 Qxf6 8.
Nf3 O-O 9. Qd3 Nc6 10. Qe4 Re8 11. Bd3 g6 12. Ne5 Nb4 13. Bb5 Rd8 14. c3 Nd5 15.
O-O Qf4 16. Bd3 f6 17. Nf3 Qxe4 18. Bxe4 c6 19. a4 Bd7 20. Rfe1 a5 21. Nd2 Nb6 22.
Bc2 Rac8 23. Nb3 Nc4 24. Nc5 b6 25. Nxd7 Rxd7 26. Bb3 b5 27. Rxe6 Kf7 28. Rae1 Rb7
29. h4 Rcc7 30. R1e2 Kg7 31. Bxc4 bxc4 32. Re8 Ra7 33. Rb8 Kf7 34. Ree8 Rcb7 35.
Rec8 Rxb8 36. Rxb8 Ke6 37. Kf1 Kd6 38. Ke2 Ke6 39. Kd2 Kd6 40. b3 cxb3 41. Rxb3 Kd5
42. Kd3 Re7 43. Rb8 Ra7 44. Rd8+ Ke6 45. Kc4 Ke7 46. Rb8 Kd6 47. Rb6 Re7 48. f3 Re2
49. d5 Rxg2 50. Rxc6+ Kd7 51. Rxf6 h6 52. h5 gxh5 53. Rxh6 Rf2 54. Rxh5 Rxf3 55.
Rh7+ Kd6 56. Rh6+ Ke5 57. Re6+ Kf5 58. Ra6 Rf4+ 59. Kb5 Ke4 60. c4 Kd3 61. Rc6  1-0

[Event "British Chess Championships 2023: British Championship"]
[Site "The Venue, De Montfort University, 20 Western Boulevard, Leicester, LE2 7BU"]
[Date "2023.07.30"]
[Round "9"]
[Board "2"]
[White "Fernandez, Daniel H"]
[Black "Jones, Steven A"]
[Result "0-1"]
[WhiteElo "2518"]
[BlackElo "2175"]
[PlyCount "0"]
[EventDate "2023.07.22"]
[EventRounds "9"]
[EventCountry "ENG"]

1. e4 c5 2. b3 Nc6 3. Bb2 Nf6 4. e5 Nd5 5. g3 d6 6. exd6 Qxd6 7. Bg2 e5 8. Na3 Be6
9. Nc4 Qc7 10. Qh5 g6 11. Qe2 Bg7 12. f4 Ndb4 13. O-O-O Nd4 14. Bxd4 cxd4 15. a3
d3 16. cxd3 Nc6 17. Nf3 b5 18. Nfxe5 Nxe5 19. Bxa8 bxc4 20. dxc4 O-O 21. fxe5 Rxa8
22. d4 Rb8 23. d5 Bf5 24. b4 Bxe5 25. g4 Re8 26. Qf1 Bxg4 27. c5 Bf4+ 28. Kb2 Re2+
29. Kb3 Qe5 30. Ka4 a6 31. c6 Bf5 32. Ka5 Qc7+ 33. Kxa6 Be3 34. Kb5 Qb6+ 35. Kc4
Qa6+ 36. Kc3 Qxa3+ 37. Kc4 Qa6+ 38. Kc3 Rc2+ 39. Kb3 Qa2#  0-1

[Event "British Chess Championships 2023: British Championship"]
[Site "The Venue, De Montfort University, 20 Western Boulevard, Leicester, LE2 7BU"]
[Date "2023.07.30"]
[Round "9"]
[Board "3"]
[White "Han, Yichen"]
[Black "Grieve, Harry"]
[Result "1/2-1/2"]
[WhiteElo "2413"]
[BlackElo "2459"]
[PlyCount "0"]
[EventDate "2023.07.22"]
[EventRounds "9"]
[EventCountry "ENG"]

1. e4 c5 2. Nf3 e6 3. c3 Nf6 4. e5 Nd5 5. Bc4 d6 6. d4 cxd4 7. cxd4 Be7 8. O-O O-O
9. Re1 Nc6 10. a3 a6  1/2-1/2

[Event "British Chess Championships 2023: British Championship"]
[Site "The Venue, De Montfort University, 20 Western Boulevard, Leicester, LE2 7BU"]
[Date "2023.07.30"]
[Round "9"]
[Board "4"]
[White "Ledger, Andrew J"]
[Black "Pert, Nicholas"]
[Result "1/2-1/2"]
[WhiteElo "2299"]
[BlackElo "2536"]
[PlyCount "0"]
[EventDate "2023.07.22"]
[EventRounds "9"]
[EventCountry "ENG"]

1. d4 d5 2. c4 e6 3. Nf3 Nf6 4. Nc3 a6 5. cxd5 exd5 6. Bg5 Be6 7. e3 Nbd7 8. Be2
c6 9. O-O Bd6 10. Qc2 h6 11. Bh4 Qc7 12. Bg3 O-O 13. Rfc1 Rfe8 14. b4 Bxg3 15. hxg3
Nb6 16. a4 Qe7 17. Rab1 g6 18. Ne5 Nfd7 19. Nxd7 Bxd7 20. Qb3 Bf5 21. Ra1 Be6 22.
Qb2 Rec8 23. b5 cxb5 24. axb5 a5 25. e4 dxe4 26. Nxe4 Rxc1+ 27. Rxc1 Qb4 28. Qxb4
axb4 29. Nc5 Rd8 30. Rd1 Nd5 31. Bf3 b6 32. Nxe6 fxe6 33. Rb1 Rc8 34. Bxd5 exd5 35.
Rxb4 Rc1+ 36. Kh2 Rc4 37. Rb2 Rxd4 38. f3 h5 39. Re2 Kf7 40. Re5 Rd1 41. f4 d4 42.
g4 hxg4 43. Kg3 d3 44. Kxg4 Rg1 45. Rd5 Rxg2+ 46. Kf3 Rb2 47. Rxd3 Rxb5 48. Rd6 Rb1
49. Kg4 b5 50. Rb6 b4 51. Kg5 b3 52. Rb7+ Ke6 53. Rb6+ Kd5 54. Kxg6 Rg1+ 55. Kf7
Kc4 56. f5 Kc3 57. f6 b2 58. Ke7 Re1+ 59. Kd7 b1=Q 60. Rxb1 Rxb1 61. f7 Rf1 62. Ke7
Rxf7+ 63. Kxf7  1/2-1/2

[Event "British Chess Championships 2023: British Championship"]
[Site "The Venue, De Montfort University, 20 Western Boulevard, Leicester, LE2 7BU"]
[Date "2023.07.30"]
[Round "9"]
[Board "5"]
[White "Derakhshani, Borna"]
[Black "Gasanov, Eldar"]
[Result "1/2-1/2"]
[WhiteElo "2341"]
[BlackElo "2481"]
[PlyCount "0"]
[EventDate "2023.07.22"]
[EventRounds "9"]
[EventCountry "ENG"]

1. e4 c5 2. Nf3 Nc6 3. d4 cxd4 4. Nxd4 Qb6 5. Nb3 Nf6 6. Nc3 e6 7. Be3 Qc7 8. a3
a6 9. Be2 b5 10. O-O Rb8 11. f4 d6 12. Kh1 Be7 13. Bf3 O-O 14. Qe2 b4 15. axb4 Nxb4
16. Qf2 e5 17. Na5 Nc6 18. Nxc6 Qxc6 19. Nd5 Nxd5 20. exd5 Qc7 21. b3 f5 22. Qd2
Bf6 23. fxe5 Bxe5 24. Ra4 Re8 25. Be2 Ra8 26. Bd3 Qf7 27. Bf4 g6 28. c4 Bb7 29. Qf2
Qc7 30. Rb4 Bxf4 31. Qxf4 a5 32. Ra4 Qb6 33. Bxf5 gxf5 34. Qg5+ Kh8 35. Qf6+ Kg8
36. Qg5+  1/2-1/2

[Event "British Chess Championships 2023: British Championship"]
[Site "The Venue, De Montfort University, 20 Western Boulevard, Leicester, LE2 7BU"]
[Date "2023.07.30"]
[Round "9"]
[Board "6"]
[White "Claridge-Hansen, William"]
[Black "Hebden, Mark L"]
[Result "1/2-1/2"]
[WhiteElo "2332"]
[BlackElo "2436"]
[PlyCount "0"]
[EventDate "2023.07.22"]
[EventRounds "9"]
[EventCountry "ENG"]

1. c4 g6 2. g3 Bg7 3. Bg2 Nf6 4. Nc3 d6 5. d4 O-O 6. Nf3 c5 7. d5 e6 8. O-O Re8 9.
Bg5 h6 10. Bxf6 Qxf6 11. dxe6 Bxe6 12. Nd2 Nc6 13. Nde4 Qe7 14. Qxd6 Bxc4 15. Qxc5
Qxc5 16. Nxc5 Bxe2 17. Rfe1 Nd4 18. Nxe2 Rxe2 19. Rxe2 Nxe2+ 20. Kf1 Rc8 21. Kxe2
Rxc5 22. Rd1 Rc7 23. Rd2 Bf6 24. Be4 b5 25. a3 Kf8 26. h4 Ke7 27. Kd1 Rc5 28. Bf3
a5 29. Be2 h5 30. Bf1 b4 31. axb4 axb4 32. b3 Bc3 33. Ra2 Rd5+ 34. Ke2 Bd4 35. Kf3
Rf5+ 36. Kg2 Rc5 37. Bc4 f6 38. Ra7+ Kd6 39. Ra6+ Kc7 40. Ra4 Bc3 41. Bf7 g5 42.
hxg5 Rxg5 43. f4 Rc5 44. Bc4 Kb6 45. Ra6+ Kb7 46. Ra2 Kb6 47. Ra6+ Kb7 48. Ra2 Kb6
49. Ra6+  1/2-1/2